[Event "Euskadi ch"]
[Site "?"]
[Date "2005.04.02"]
[Round "6.9"]
[White "Rodriguez Gonzalez, Alex"]
[Black "Virto Alustiza, Aingeru"]
[Result "1/2-1/2"]
[WhiteElo "2031"]
[BlackElo "1953"]
[PlyCount "29"]
[EventDate "2005.03.29"]
[SourceDate "2005.03.29"]

1. e4 c5 2. Nc3 Nc6 3. f4 e6 4. Nf3 d5 5. exd5 exd5 6. Bb5 Nf6 7. O-O Be7 8. d3
O-O 9. Bxc6 bxc6 10. b3 Qc7 11. Na4 Re8 12. Bd2 Bd6 13. h3 d4 14. Ne5 Nd5 15.
Qf3 $11 1/2-1/2

[Event "Euskadi ch"]
[Site "?"]
[Date "2005.04.02"]
[Round "6.1"]
[White "Limeres Guiance, Cristobal"]
[Black "Gomez Esteban, Mario"]
[Result "0-1"]
[WhiteElo "2244"]
[BlackElo "2474"]
[PlyCount "58"]
[EventDate "2005.03.29"]
[SourceDate "2005.03.29"]

1. d4 d5 2. Bf4 Nf6 3. Nf3 c5 4. c3 Qb6 5. Qb3 Nc6 6. Qxb6 axb6 7. e3 e6 8.
Nbd2 c4 9. Be2 b5 10. O-O b4 11. cxb4 Bxb4 12. a3 Be7 13. a4 Bd7 14. Rfc1 Bb4
15. b3 c3 16. Nb1 Ne4 17. Bd1 f6 18. Bc2 Ke7 19. Ne1 Nd2 20. Nd3 Rhc8 21. f3
Be8 22. Bg3 Bg6 23. Nxb4 Nxb4 24. Bxg6 Nxb3 25. Nxc3 Nxc1 26. Rxc1 hxg6 27. e4
Nd3 28. Rc2 dxe4 29. fxe4 Rc4 0-1

[Event "Euskadi ch"]
[Site "?"]
[Date "2005.04.02"]
[Round "6.10"]
[White "Wu Martin, Eneko"]
[Black "Hernandez Perez, Jesus"]
[Result "1-0"]
[WhiteElo "2081"]
[BlackElo "2105"]
[PlyCount "79"]
[EventDate "2005.03.29"]
[SourceDate "2005.03.29"]

1. e4 c5 2. Nf3 d6 3. d4 cxd4 4. Nxd4 Nf6 5. Nc3 g6 6. Be3 Bg7 7. f3 O-O 8. Qd2
Nc6 9. O-O-O Nxd4 10. Bxd4 Be6 11. h4 Qa5 12. Kb1 Rfc8 13. a3 Rab8 14. g4 b5
15. Nd5 Qxd2 16. Rxd2 Nxd5 17. exd5 Bxd4 18. Rxd4 Bd7 19. g5 Bf5 20. Rh2 a5 21.
Bh3 Bxh3 22. Rxh3 h5 23. f4 Rc7 24. Rb3 Rc5 25. a4 Kf8 26. axb5 Rbxb5 27. Rxb5
Rxb5 28. Ka2 Ke8 29. c4 Rb4 30. Ka3 Kd7 31. b3 Rb7 32. Rd2 Rb4 33. Ra2 e6 34.
dxe6+ Kxe6 35. Kb2 Kf5 36. Rxa5+ Kxf4 37. Rb5 Kg4 38. Rxb4 Kxh4 39. c5+ Kxg5
40. c6 1-0

[Event "Euskadi ch"]
[Site "?"]
[Date "2005.04.02"]
[Round "6.6"]
[White "Garrido Legarreta, Jose J"]
[Black "Basto Auzmendi, Mario"]
[Result "1-0"]
[WhiteElo "2066"]
[BlackElo "2111"]
[PlyCount "47"]
[EventDate "2005.03.29"]
[SourceDate "2005.03.29"]

1. e4 d5 2. exd5 Nf6 3. Nf3 Qxd5 4. Nc3 Qh5 5. d4 Bg4 6. Be2 Nc6 7. O-O O-O-O
8. h3 e5 9. d5 Bxh3 10. gxh3 Qxh3 11. Ng5 Qh4 12. Nxf7 Bc5 13. Kg2 g5 14. Qd3
g4 15. Qf5+ Kb8 16. Rh1 Nd4 17. Rxh4 Nxf5 18. Rh1 h5 19. Nxd8 Rxd8 20. Bg5 h4
21. Bxh4 Nh5 22. Bxd8 Nf4+ 23. Kf1 g3 24. Bf3 1-0

[Event "Euskadi ch"]
[Site "?"]
[Date "2005.04.02"]
[Round "6.4"]
[White "Navarro Cia, Miguel"]
[Black "Galzagorri Uli, Ieray"]
[Result "1-0"]
[WhiteElo "2299"]
[BlackElo "2199"]
[PlyCount "79"]
[EventDate "2005.03.29"]
[SourceDate "2005.03.29"]

1. e4 g6 2. d4 d6 3. Nc3 Bg7 4. Be3 a6 5. f3 Nd7 6. Qd2 b5 7. a4 b4 8. Nd1 Rb8
9. a5 c5 10. c3 bxc3 11. bxc3 Ngf6 12. Bd3 O-O 13. Ne2 e5 14. d5 Nh5 $11 15. g4
Nf4 16. Nxf4 exf4 17. Bxf4 Ne5 18. O-O Qf6 19. Be2 Qe7 20. Bg5 f6 21. Bh4 Qe8
22. h3 f5 23. f4 Nf7 24. exf5 gxf5 25. Bd3 c4 26. Re1 Qb5 27. Be2 Bb7 28. Ne3
fxg4 29. hxg4 Rfe8 30. Bf3 Qb3 31. Rac1 Ba8 32. Nf5 Rxe1+ 33. Qxe1 Qa3 34. Nxg7
Kxg7 35. Bf2 Rb2 36. Bd4+ Kf8 37. Qe6 Re2 38. Bxe2 Qxc1+ 39. Kg2 Bb7 40. Bf6
1-0

[Event "Euskadi ch"]
[Site "?"]
[Date "2005.04.02"]
[Round "6.2"]
[White "Varas Gonzalez, Carlos"]
[Black "Corral Sierra, Javier"]
[Result "1-0"]
[WhiteElo "2299"]
[BlackElo "2117"]
[PlyCount "103"]
[EventDate "2005.03.29"]
[SourceDate "2005.03.29"]

1. e4 c5 2. Nf3 Nc6 3. d4 cxd4 4. Nxd4 Nf6 5. Nc3 e5 6. Ndb5 d6 7. Bg5 a6 8.
Na3 b5 9. Bxf6 gxf6 10. Nd5 f5 11. c3 Bg7 12. exf5 Bxf5 13. Nc2 Be6 14. Nce3
Ne7 15. Nxe7 Qxe7 16. Bd3 d5 17. Nf5 Qg5 18. h4 Qxg2 19. Ng3 e4 20. Bf1 Qf3 21.
Be2 Qf4 22. Nh5 Qh6 23. Nxg7+ Qxg7 24. Qd2 Rc8 25. a3 Rg8 26. O-O-O Qf6 27. Qe3
Rg2 28. f3 d4 29. Qxe4 dxc3 30. Rhg1 c2 31. Rxg2 cxd1=Q+ 32. Kxd1 Kf8 33. Qb4+
Ke8 34. Rg8+ Kd7 35. Qd2+ Kc7 36. Qc2+ Kb8 37. Rxc8+ Bxc8 38. Qxh7 Bf5 39. Qg8+
Ka7 40. Qg5 Qd4+ 41. Ke1 Bc2 42. Qe7+ Kb6 43. b4 Bg6 44. Kf1 Qa1+ 45. Kf2 Qd4+
46. Qe3 Qxe3+ 47. Kxe3 a5 48. f4 axb4 49. axb4 Kc6 50. h5 Bh7 51. Bd3 f5 52.
Kd4 1-0

[Event "Euskadi ch"]
[Site "?"]
[Date "2005.04.02"]
[Round "6.7"]
[White "Tornay Gomez, Josu"]
[Black "Fernandez Hernandez, Gerardo"]
[Result "0-1"]
[WhiteElo "2113"]
[BlackElo "2220"]
[PlyCount "96"]
[EventDate "2005.03.29"]
[SourceDate "2005.03.29"]

1. e4 e6 2. d4 d5 3. Nc3 Nf6 4. Bg5 Be7 5. e5 Nfd7 6. h4 Bxg5 7. hxg5 Qxg5 8.
Nh3 Qe7 9. Nf4 Nc6 10. Qg4 g6 11. O-O-O Nb6 12. Bb5 Bd7 13. Bxc6 Bxc6 14. Rh6
O-O-O 15. Rdh1 Nc4 16. Rxh7 Rxh7 17. Rxh7 Nxb2 18. Qxe6+ Qxe6 19. Nxe6 fxe6 20.
Kxb2 Rf8 21. f3 Be8 22. Nd1 Rf4 23. Ne3 Rxd4 24. Re7 Bd7 25. Ng4 c5 26. Nf6 Ba4
27. Rxe6 Rd2 28. Rd6 Rxc2+ 29. Kb1 d4 30. Nd5 Re2 31. Ne7+ Kc7 32. Nd5+ Kc8 33.
Ne7+ Kb8 34. Nd5 b6 35. e6 c4 36. Nf4 Re1+ 37. Kb2 c3+ 38. Ka3 c2 39. Nd3 Bb5
40. Nc1 Rxc1 41. Kb2 Re1 42. Kxc2 d3+ 43. Kc3 Kc7 44. Rd5 Kc6 45. Rd4 Rxe6 46.
a4 Ba6 47. a5 Rd6 48. Rxd6+ Kxd6 0-1

[Event "Euskadi ch"]
[Site "?"]
[Date "2005.04.02"]
[Round "6.8"]
[White "Martinez Pelaez, David"]
[Black "Salinero De Prado, Juan M"]
[Result "1/2-1/2"]
[WhiteElo "2000"]
[BlackElo "2191"]
[PlyCount "93"]
[EventDate "2005.03.29"]
[SourceDate "2005.03.29"]

1. e4 c5 2. Nf3 d6 3. d4 cxd4 4. Nxd4 Nf6 5. Nc3 a6 6. f3 e5 7. Nb3 Be6 8. Be3
Be7 9. Qd2 Nbd7 10. g4 O-O 11. g5 Ne8 12. h4 b5 13. O-O-O b4 14. Nd5 Bxd5 15.
exd5 a5 16. Qg2 Nc7 17. Kb1 a4 18. Nc1 Ra5 19. Bc4 Qb8 20. h5 Nb6 21. Bxb6 Qxb6
22. g6 fxg6 23. h6 Rf7 24. Bd3 gxh6 25. Rxh6 Qe3 26. Rdh1 Bg5 27. R6h3 b3 28.
Qg4 Ra8 29. Bxg6 bxc2+ 30. Bxc2 Nxd5 31. Rxh7 Rxh7 32. Bxh7+ Kg7 33. Be4 Nf6
34. Qf5 Rg8 35. Qe6 Nxe4 36. Qd7+ Kg6 37. Qh7+ Kf6 38. fxe4 Rg7 39. Rf1+ Bf4
40. Qh6+ Rg6 41. Qf8+ Kg5 42. Qf5+ Kh6 43. Qf8+ Kh7 44. Rh1+ Bh6 45. Qf7+ Rg7
46. Qf5+ Rg6 47. Qf7+ 1/2-1/2

[Event "Euskadi ch"]
[Site "?"]
[Date "2005.04.02"]
[Round "6.5"]
[White "Navarrete Delgado, Sergio"]
[Black "Huerga Leache, Mikel"]
[Result "1/2-1/2"]
[WhiteElo "2211"]
[BlackElo "2136"]
[PlyCount "139"]
[EventDate "2005.03.29"]
[SourceDate "2005.03.29"]

1. e4 c5 2. Nf3 Nc6 3. d4 cxd4 4. Nxd4 e5 5. Nb5 a6 6. Nd6+ Bxd6 7. Qxd6 Qf6 8.
Qd1 Qg6 9. Nc3 Nge7 10. h4 h5 11. Bg5 d5 12. Bxe7 d4 13. Ne2 Kxe7 14. Ng3 Bg4
15. Be2 Rac8 16. a3 Bxe2 17. Qxe2 d3 18. Qxd3 Rhd8 19. Nf5+ Kf8 20. Qf3 Nd4 21.
Nxd4 Rxd4 22. O-O Qg4 23. Qxg4 hxg4 24. c3 Rxe4 25. Rfe1 Rcc4 26. Rad1 Ke7 27.
Kh2 f5 28. Kg3 Rxe1 29. Rxe1 Ke6 30. Rd1 Rc8 31. f3 gxf3 32. Kxf3 Rg8 33. g3 g5
34. hxg5 Rxg5 35. c4 e4+ 36. Kf2 Rh5 37. Kg2 Rh7 38. b4 Rc7 39. Rd4 Ke5 40.
Rd5+ Kf6 41. c5 Ke6 42. Rd6+ Ke5 43. Kf2 Rh7 44. a4 Rh2+ 45. Ke3 Rb2 46. Rb6
Rb3+ 47. Kf2 Kd4 48. Rd6+ Kc4 49. c6 bxc6 50. Rxc6+ Kxb4 51. Rxa6 Kc4 52. a5
Rf3+ 53. Kg2 Kd4 54. Rb6 Ra3 55. Rb5 Ra2+ 56. Kf1 Ra3 57. Rxf5 Rxg3 58. Ke2 Ra3
59. Rh5 Ra2+ 60. Ke1 Kd3 61. Rd5+ Ke3 62. Kf1 Ra1+ 63. Kg2 Ke2 64. Rb5 Ra2 65.
a6 Rxa6 66. Rb2+ Ke3 67. Rb3+ Kf4 68. Kf2 Ra2+ 69. Ke1 Rg2 70. Ra3 1/2-1/2

[Event "Euskadi ch"]
[Site "?"]
[Date "2005.04.02"]
[Round "6.3"]
[White "Gonzalez De la Torre, Santiago"]
[Black "Ruiz Gomez, Alejandro"]
[Result "1-0"]
[WhiteElo "2384"]
[BlackElo "2336"]
[PlyCount "179"]
[EventDate "2005.03.29"]
[SourceDate "2005.03.29"]

1. e4 g6 2. d4 Bg7 3. Nc3 c6 4. Nf3 d6 5. Be3 Nf6 6. Qd2 Ng4 7. Bg5 f6 8. Bh4
d5 9. exd5 cxd5 10. Bg3 Nh6 11. Nb5 Na6 12. h3 O-O 13. c4 Be6 14. cxd5 Bxd5 15.
Be2 Nf5 16. Bf4 Qb6 17. Be3 Rfd8 18. Nc3 Bf7 19. O-O e5 20. Rfd1 exd4 21. Nxd4
Nxe3 22. Qxe3 f5 23. Ndb5 Qxe3 24. fxe3 Nc5 25. Nd6 Be6 26. Rac1 Bh6 27. Kf2 f4
28. Ncb5 fxe3+ 29. Ke1 Na6 30. Nxb7 Rd2 31. Nd4 Bd5 32. Bxa6 Bxg2 33. Nd6 Bf4
34. Bc4+ Kh8 35. Nf7+ Kg8 36. Ne2 Rxd1+ 37. Rxd1 Bh2 38. Rd7 Kg7 39. Ne5+ Kh8
40. Re7 Rf8 41. Nf7+ Kg7 42. Rxe3 Rxf7 43. Bxf7 Kxf7 44. Ra3 Bb8 45. Rb3 Bd6
46. a3 h5 47. Rd3 Be5 48. b4 Bc6 49. b5 Bxb5 50. Rd5 Bxe2 51. Kxe2 Ke6 52. Ra5
Bd4 53. Kf3 Bb6 54. Rb5 Kf6 55. a4 g5 56. a5 Bg1 57. Rb1 Bc5 58. Rb5 Bg1 59.
Ke4 Kg6 60. Rd5 Bf2 61. Rd6+ Kf7 62. Kf5 g4 63. hxg4 hxg4 64. Kxg4 Ke7 65. Rd2
Bc5 66. Kf5 Bb4 67. Rd5 Bd6 68. Rb5 Kd8 69. Rb7 Bc5 70. a6 Kc8 71. Ke6 Kd8 72.
Kd5 Bf2 73. Kc6 Bg1 74. Rd7+ Ke8 75. Kc7 Bf2 76. Kc8 Bg1 77. Rd1 Bc5 78. Re1+
Kf7 79. Kd7 Kf6 80. Kc6 Bd4 81. Kd5 Bc3 82. Re6+ Kf7 83. Kd6 Bd4 84. Kd7 Bg1
85. Re1 Bd4 86. Rf1+ Kg6 87. Kc8 Bb6 88. Kb8 Bd4 89. Rd1 Bc3 90. Rd7 1-0

[Event "Euskadi ch"]
[Site "?"]
[Date "2005.04.03"]
[Round "7.4"]
[White "Ruiz Gomez, Alejandro"]
[Black "Garrido Legarreta, Jose J"]
[Result "1-0"]
[WhiteElo "2336"]
[BlackElo "2066"]
[PlyCount "75"]
[EventDate "2005.03.29"]
[SourceDate "2005.03.29"]

1. d4 Nf6 2. c4 g6 3. f3 Bg7 4. e4 d6 5. Nc3 O-O 6. Be3 Nc6 7. Nge2 a6 8. Nc1
e5 9. d5 Nd4 10. Nb3 c5 11. dxc6 bxc6 12. Nxd4 exd4 13. Bxd4 Re8 14. Be2 Rb8
15. Qd2 c5 16. Bf2 Qa5 17. Rc1 Nd7 18. b3 Ne5 19. Nd5 Qxd2+ 20. Kxd2 Nc6 21.
Bd3 Nd4 22. Rhe1 Be6 23. Rb1 Bxd5 24. cxd5 a5 25. Bc4 Rb6 26. Kd3 Reb8 27. f4
a4 28. e5 axb3 29. Bxd4 cxd4 30. Rxb3 Rxb3+ 31. axb3 Re8 32. Kxd4 g5 33. g3
gxf4 34. gxf4 Bh6 35. Ke4 Kf8 36. Kf5 Rd8 37. Ra1 Rb8 38. Ra6 1-0

[Event "Euskadi ch"]
[Site "?"]
[Date "2005.04.03"]
[Round "7.5"]
[White "Fernandez Hernandez, Gerardo"]
[Black "Huerga Leache, Mikel"]
[Result "1-0"]
[WhiteElo "2220"]
[BlackElo "2136"]
[PlyCount "49"]
[EventDate "2005.03.29"]
[SourceDate "2005.03.29"]

1. e4 c5 2. d3 Nc6 3. g3 e6 4. Bg2 d5 5. Nd2 g6 6. Ngf3 Bg7 7. O-O Nge7 8. exd5
exd5 9. d4 cxd4 10. Nb3 Bg4 11. Bg5 O-O 12. Qd2 Bxf3 13. Bxf3 Ne5 14. Nxd4 Qb6
15. Bg2 Nc4 16. Qe2 Bxd4 17. Qxe7 Qxb2 18. Bxd5 Nb6 19. Bf3 Qxa1 20. Rxa1 Bxa1
21. Qxb7 Bd4 22. Be7 a5 23. Bxf8 Rxf8 24. c3 Bc5 25. Qc7 1-0

[Event "Euskadi ch"]
[Site "?"]
[Date "2005.04.03"]
[Round "7.10"]
[White "Alcaide Luque, Aitor"]
[Black "Rodriguez Gonzalez, Alex"]
[Result "0-1"]
[WhiteElo "2058"]
[BlackElo "2031"]
[PlyCount "76"]
[EventDate "2005.03.29"]
[SourceDate "2005.03.29"]

1. d4 Nf6 2. Bg5 Ne4 3. Bf4 g5 4. Bc1 c5 5. f3 Nf6 6. Bxg5 Qb6 7. Bxf6 Qxf6 8.
Nc3 cxd4 9. Nb5 Na6 10. Qxd4 Qxd4 11. Nxd4 e5 12. Nb5 d5 13. e4 d4 14. Bc4 Bd7
15. f4 Rc8 16. b3 Nb4 17. Kd1 a6 18. Na7 Rc7 19. a4 Bc5 20. Nb5 axb5 21. axb5
Ke7 22. f5 Rd8 23. Nf3 f6 24. g4 Be8 25. Kd2 Bf7 26. g5 Bxc4 27. bxc4 Bb6 28.
Rhb1 Rxc4 29. Ne1 Rdc8 30. gxf6+ Kxf6 31. Ra4 Nxc2 32. Rxc4 Rxc4 33. Nxc2 Ba5+
34. Kd1 d3 35. Ne1 d2 36. Nf3 Rxe4 37. Nxd2 Rd4 38. Rb2 Kxf5 0-1

[Event "Euskadi ch"]
[Site "?"]
[Date "2005.04.03"]
[Round "7.1"]
[White "Gomez Esteban, Mario"]
[Black "Navarro Cia, Miguel"]
[Result "1/2-1/2"]
[WhiteElo "2474"]
[BlackElo "2299"]
[PlyCount "60"]
[EventDate "2005.03.29"]
[SourceDate "2005.03.29"]

1. d4 Nf6 2. c4 g6 3. g3 Bg7 4. Bg2 d5 5. cxd5 Nxd5 6. e4 Nb4 7. d5 c6 8. Ne2
cxd5 9. exd5 Bf5 10. O-O O-O 11. Nbc3 Nd7 12. h3 Ne5 13. a3 Nbd3 14. Nd4 Bd7
15. Nf3 Nxc1 16. Nxe5 Bxe5 17. Rxc1 Qb6 18. Qe2 Bxg3 19. Qxe7 Bf5 20. Ne4 Bf4
21. Rc4 Bxe4 22. Qxe4 Bd6 23. b4 Rfe8 24. Qd3 a5 25. bxa5 Rxa5 26. a4 Qd8 27.
Rfc1 Qf6 28. Kf1 Kg7 29. Qc3 Qxc3 30. R1xc3 Rea8 $11 1/2-1/2

[Event "Euskadi ch"]
[Site "?"]
[Date "2005.04.03"]
[Round "7.7"]
[White "Basto Auzmendi, Mario"]
[Black "Martinez Pelaez, David"]
[Result "1-0"]
[WhiteElo "2111"]
[BlackElo "2000"]
[PlyCount "67"]
[EventDate "2005.03.29"]
[SourceDate "2005.03.29"]

1. e4 e5 2. Bc4 Nf6 3. d4 exd4 4. Nf3 Bc5 5. e5 d5 6. Bb5+ c6 7. exf6 Qa5+ 8.
c3 Qxb5 9. a4 Qb6 10. b4 Bd6 11. Qe2+ Be6 12. fxg7 Rg8 13. Nxd4 Rxg7 14. Nf5
Bf8 15. Be3 Qc7 16. Nxg7+ Bxg7 17. Qh5 Nd7 18. O-O O-O-O 19. a5 Kb8 20. f4 Nf6
21. Qg5 Rg8 22. f5 Bh8 23. Qf4 Bd7 24. Bxa7+ Kc8 25. Qxc7+ Kxc7 26. Bb6+ Kc8
27. Bd4 Rg5 28. a6 bxa6 29. Rxa6 Kb8 30. b5 Bxf5 31. h4 Rh5 32. Nd2 Bd3 33.
Rb6+ Ka8 34. Ra1# 1-0

[Event "Euskadi ch"]
[Site "?"]
[Date "2005.04.03"]
[Round "7.2"]
[White "Varas Gonzalez, Carlos"]
[Black "Gonzalez De la Torre, Santiago"]
[Result "1/2-1/2"]
[WhiteElo "2299"]
[BlackElo "2384"]
[PlyCount "74"]
[EventDate "2005.03.29"]
[SourceDate "2005.03.29"]

1. e4 c5 2. Nf3 d6 3. d4 cxd4 4. Nxd4 Nf6 5. Nc3 a6 6. g3 e5 7. Nde2 Be6 8. a4
Nbd7 9. Bg2 Be7 10. h3 O-O 11. g4 Qc7 12. Ng3 Rfd8 13. g5 Ne8 14. Nf5 Bf8 15.
Ne3 b6 16. h4 Qb7 17. h5 Rac8 18. Qf3 b5 19. h6 g6 20. Bh3 b4 21. Ncd5 Nb6 22.
b3 Nxd5 23. exd5 Bxh3 24. Rxh3 Be7 25. Rg3 f5 26. gxf6 Nxf6 27. Bb2 Rf8 28.
O-O-O Kh8 29. Qh1 Nh5 30. Rf3 Bg5 31. Kb1 Rxf3 32. Qxf3 Bxh6 33. Nc4 Qe7 34.
Qg4 Re8 35. Na5 Bf4 36. Nc6 Qb7 37. Rh1 Qf7 1/2-1/2

[Event "Euskadi ch"]
[Site "?"]
[Date "2005.04.03"]
[Round "7.11"]
[White "Hernandez Perez, Jesus"]
[Black "Tornay Gomez, Josu"]
[Result "0-1"]
[WhiteElo "2105"]
[BlackElo "2113"]
[PlyCount "72"]
[EventDate "2005.03.29"]
[SourceDate "2005.03.29"]

1. e4 e5 2. Nc3 Nc6 3. f4 exf4 4. Nf3 g5 5. Bc4 g4 6. O-O gxf3 7. Qxf3 Qg5 8.
d4 Nxd4 9. Qd3 Ne6 10. Bxe6 dxe6 11. Bxf4 Bc5+ 12. Kh1 Qe7 13. Qg3 f6 14. e5 f5
15. Rad1 Bd7 16. Bg5 Qg7 17. Qd3 Bc6 18. Qd2 Be7 19. Be3 Rd8 20. Qe2 Rxd1 21.
Rxd1 Nh6 22. Nb5 Ng4 23. Bf4 Bc5 24. Nd4 Bxd4 25. Rxd4 O-O 26. Qd2 Re8 27. Qe2
Nh6 28. Rd2 Nf7 29. Qe3 Rd8 30. Rxd8+ Nxd8 31. Qd2 Nf7 32. Kg1 h6 33. Kf1 Ng5
34. g3 Kh7 35. Qd8 Nh3 36. Be3 Qd7 0-1

[Event "Euskadi ch"]
[Site "?"]
[Date "2005.04.03"]
[Round "7.6"]
[White "Galzagorri Uli, Ieray"]
[Black "Navarrete Delgado, Sergio"]
[Result "0-1"]
[WhiteElo "2199"]
[BlackElo "2211"]
[PlyCount "80"]
[EventDate "2005.03.29"]
[SourceDate "2005.03.29"]

1. d4 Nf6 2. Nf3 e6 3. Bg5 d5 4. e3 c6 5. c3 Nbd7 6. Nbd2 Qc7 7. Bd3 Bd6 8. Qe2
O-O 9. O-O Re8 10. c4 e5 11. dxe5 Bxe5 12. Nxe5 Nxe5 13. Bxf6 Ng4 14. Nf3 Nxf6
15. h3 Be6 16. Nd4 dxc4 17. Nxe6 Rxe6 18. Bxc4 Rd6 19. Rfd1 Rad8 20. Rxd6 Qxd6
21. Bb3 Ne4 22. Qf3 Qe7 23. Rd1 Nd2 24. Qf4 Nxb3 25. Rxd8+ Qxd8 26. axb3 h6 27.
Kh2 a6 28. Qb4 Qc7+ 29. g3 c5 30. Qe4 g6 31. Kg2 Kg7 32. h4 h5 33. Kf1 b5 34.
Ke2 Qd6 35. Qd3 Qe5 36. Qc2 Kf6 37. f4 Qd5 38. Qc3+ Kf5 39. Qh8 Kg4 40. Qb8
Qxb3 0-1

[Event "Euskadi ch"]
[Site "?"]
[Date "2005.04.03"]
[Round "7.12"]
[White "Galarza Docampo, Karmel"]
[Black "Garcia Moreno, Jose A"]
[Result "0-1"]
[WhiteElo "2201"]
[BlackElo "2001"]
[PlyCount "120"]
[EventDate "2005.03.29"]
[SourceDate "2005.03.29"]

1. Nf3 Nf6 2. c4 e6 3. g3 d5 4. Bg2 c6 5. O-O Be7 6. Qc2 O-O 7. d4 Nbd7 8. Rd1
Re8 9. Nbd2 Bf8 10. Ne5 Nxe5 11. dxe5 Nd7 12. Nf3 h6 13. h4 Qc7 14. Bf4 dxc4
15. Qxc4 Nb6 16. Qc2 Nd5 17. Nd4 Nxf4 18. gxf4 Qe7 19. Rd3 Qxh4 20. Qd2 Qe7 21.
Kh2 a6 22. Rh1 c5 23. Nc2 Rb8 24. Kg1 b5 25. Bc6 c4 26. Rd6 Bb7 27. Rd7 Red8
28. Rxe7 Rxd2 29. Rxb7 Rxb7 30. Bxb7 Rxc2 31. Bxa6 Rxb2 32. Kg2 c3 33. Rc1 b4
34. Bc4 g5 35. fxg5 hxg5 36. Kf3 Bc5 37. Rg1 Kf8 38. Rf1 Rd2 39. e3 Ke7 40. Bb3
Rd8 41. Kg4 f6 42. exf6+ Kxf6 43. Rh1 Rd2 44. Rh6+ Kg7 45. Rh5 Be7 46. Kf3 Bf6
47. Rh1 Kg6 48. Rc1 Kf5 49. Bc2+ Ke5 50. Bb3 Kd6 51. Rh1 Ke5 52. Rc1 g4+ 53.
Kg3 Kf5 54. Rh1 Be5+ 55. Kg2 g3 56. Rf1 Ke4 57. Bxe6 gxf2 58. Rc1 Kxe3 59. Kf1
Rd6 60. Bc4 Rg6 0-1

[Event "Euskadi ch"]
[Site "?"]
[Date "2005.04.03"]
[Round "7.3"]
[White "Corral Sierra, Javier"]
[Black "Limeres Guiance, Cristobal"]
[Result "1/2-1/2"]
[WhiteElo "2117"]
[BlackElo "2244"]
[PlyCount "165"]
[EventDate "2005.03.29"]
[SourceDate "2005.03.29"]

1. Nf3 d5 2. c4 c6 3. g3 Bg4 4. Bg2 e6 5. O-O Nd7 6. b3 Ngf6 7. Bb2 Bd6 8. d3
O-O 9. Nbd2 h6 10. a3 a5 11. e4 dxe4 12. dxe4 Qc7 13. Qc2 e5 14. h3 Be6 15. Bc3
b5 16. cxb5 cxb5 17. Rfc1 Rfc8 18. Qb2 Qb8 19. b4 a4 20. Rd1 Ra6 21. Rac1 Rac6
22. Qa1 Nb6 23. Bf1 Nbd7 24. Kg2 Nh7 25. Bb2 f6 26. Rxc6 Rxc6 27. Rc1 Qb7 28.
Rxc6 Qxc6 29. Qc1 Qa6 30. Qc2 Ndf8 31. Qd3 Bd7 32. Nb1 Bb8 33. Qd5+ Kh8 34. Bc1
Bc6 35. Qd3 Qb7 36. Nc3 Ne6 37. Be3 f5 38. Nd2 f4 39. Bc5 Nhg5 40. h4 Nxc5 41.
bxc5 Ne6 42. Nxb5 Nxc5 43. Qd8+ Kh7 44. Nc3 fxg3 45. h5 Ne6 46. Qa5 gxf2 47.
Bc4 Nf4+ 48. Kf1 Nxh5 49. Qd8 Nf6 50. Be6 Bd7 51. Bxd7 Qxd7 52. Qxd7 Nxd7 53.
Nxa4 Ba7 54. Nb2 g5 55. Nd3 Kg6 56. Nxf2 h5 57. Nd3 Kf6 58. Nc4 Ke6 59. Kg2 Bd4
60. Kf3 Nf6 61. Nd2 g4+ 62. Kg3 Be3 63. Nc4 Nxe4+ 64. Kh4 Bf4 65. Kxh5 g3 66.
Ne1 Kd5 67. Nb2 Nf2 68. Kh4 Kd4 69. Ng2 Ke4 70. Nc4 Kf3 71. Ne1+ Ke2 72. Ng2
Kf1 73. Nce3+ Bxe3 74. Nxe3+ Ke2 75. Ng2 Ne4 76. Kh3 Kf2 77. Nh4 Nf6 78. a4 e4
79. Ng2 Nd5 80. a5 e3 81. a6 e2 82. a7 Nb6 83. Nf4 1/2-1/2